Základy videotechniky pre pracovníkov VTEI

Na minha lista:
Detalhes bibliográficos
Autor principal: Křečan, Zdeněk
Formato: Livro
Idioma:eslovaco
Publicado em: Bratislava Slovenská technická knižnica 1988
Edição:1. vyd.
Tags: Adicionar Tag
Sem tags, seja o primeiro a adicionar uma tag!

MARC

LEADER 00000nam a2200000 4500
001 c035673
005 20221219093517.0
041 0 |a slo 
044 |a SK 
245 1 0 |a Základy videotechniky pre pracovníkov VTEI  |c Zdeněk Křečan 
250 |a 1. vyd. 
264 1 |a Bratislava  |b Slovenská technická knižnica  |c 1988 
300 |a 97 s. 
100 1 |a Křečan, Zdeněk